000 00433nam a22001817a 4500
003 MPLRDC
005 20220104123345.0
008 210129b ||||| |||| 00| 0 eng d
082 _a538.59 WSZ
100 _a王世祯著
245 _a中国节令习俗
_c
250 _a三版
260 _a
_b星光出版社
_c1983
300 _b
490 _a双子星丛书. 14
650 _a中国纪念日
942 _cBK
_o538.59 WSZ
999 _c10776
_d10766